Krvavý Jom Kippur : čtvrtá a pátá arabsko-izraelská válka ve světové politice / Jan Wanner
Record details
- ISBN: 80-7277-121-3
- Physical Description: 355 s. : il., mapy, portréty ; 21 cm
- Edition: Vyd. 1.
- Publisher: Praha : Libri, 2002
Content descriptions
| General Note: | 2000 výt. |
| Bibliography, etc. Note: | Obsahuje bibliografii |
Search for related items by subject
| Genre: | studie studies |
Search for related items by series
Available copies
- 1 of 1 copy available at Common Catalog SPOK.
Holds
- 0 current holds with 1 total copy.
Show All Copies
| Location | Call Number / Copy Notes | Barcode | Shelving Location | Status | Due Date |
|---|---|---|---|---|---|
| The Jewish community of Prague | J 1266 | 4638302732 | J - Judaika | Available | - |
Electronic resources
Version of Resource: Digitalizovaný dokument
| LDR | 01912nam a2200529 a 4500 | ||
|---|---|---|---|
| 001 | 54744 | ||
| 003 | CZ-PrJAB | ||
| 005 | 20211129094407.0 | ||
| 007 | tu | ||
| 008 | 020807s2002 xr abc e 000 0 cze | ||
| 015 | . | ‡acnb001124242 | |
| 020 | . | ‡a80-7277-121-3 ‡q(brož.) : ‡cKč 300,00 | |
| 035 | . | ‡a(CZ PrNK)cpk20021124242 | |
| 035 | . | ‡a(OCoLC)53270830 | |
| 040 | . | ‡aABA001 ‡bcze | |
| 043 | . | ‡aa-is--- | |
| 072 | 7. | ‡a94(560/569.5) ‡xDějiny států západní Asie. Blízký východ ‡2Konspekt ‡98 | |
| 080 | . | ‡a355.483(569.4-076) ‡2MRF | |
| 080 | . | ‡a355.483(569.4-076)"1973" ‡2MRF | |
| 080 | . | ‡a327 ‡2MRF | |
| 080 | . | ‡a94(569.4) ‡2MRF | |
| 080 | . | ‡a(048.8) ‡2MRF | |
| 100 | 1 | . | ‡aWanner, Jan, ‡d1940-2022 ‡7jk01151423 ‡4aut |
| 245 | 1 | 0. | ‡aKrvavý Jom Kippur : ‡bčtvrtá a pátá arabsko-izraelská válka ve světové politice / ‡cJan Wanner |
| 250 | . | ‡aVyd. 1. | |
| 260 | . | ‡aPraha : ‡bLibri, ‡c2002 | |
| 300 | . | ‡a355 s. : ‡bil., mapy, portréty ; ‡c21 cm | |
| 490 | 1 | . | ‡aHistorická řada ; ‡vsv. 20 |
| 500 | . | ‡a2000 výt. | |
| 504 | . | ‡aObsahuje bibliografii | |
| 648 | 7. | ‡a1967-1973 ‡7ch525276 ‡2czenas | |
| 650 | 0 | 7. | ‡aarabsko-izraelské války ‡7ph138771 ‡2czenas |
| 650 | 0 | 7. | ‡aarabsko-izraelská válka (1973) ‡7ph170412 ‡2czenas |
| 650 | 0 | 7. | ‡amezinárodní vztahy ‡7ph137626 ‡2czenas |
| 650 | 0 | 9. | ‡aIsrael-Arab War (1973) ‡2eczenas |
| 650 | 0 | 9. | ‡aIsrael-Arab conflicts ‡2eczenas |
| 651 | 7. | ‡aIzrael ‡7ge129403 ‡xzahraniční vztahy ‡2czenas | |
| 651 | 7. | ‡aIzrael ‡7ge129403 ‡xdějiny ‡y1967-1973 ‡2czenas | |
| 651 | 9. | ‡aIsrael ‡xHistory ‡2eczenas | |
| 651 | 9. | ‡aIsrael ‡xForeign relations ‡2eczenas | |
| 653 | 0 | . | ‡ajomkipurová válka, 1973 |
| 655 | 7. | ‡astudie ‡7fd133597 ‡2czenas | |
| 655 | 9. | ‡astudies ‡2eczenas | |
| 830 | 0. | ‡aHistorická řada | |
| 856 | 4 | 1. | ‡uhttp://krameriusndk.nkp.cz/search/handle/uuid:66556fc0-60f5-11e9-b8c0-005056827e52 ‡yDigitalizovaný dokument |
| 910 | . | ‡aABE461 | |
| 995 | . | ‡aska | |
| 901 | . | ‡a54744 ‡bAUTOGEN ‡c54744 ‡tbiblio | |